UK Economic Brief - economy (Record no. 68912)

MARC details
000 -LEADER
fixed length control field 00841cam a2200229 4500
001 - CONTROL NUMBER
control field WB3744-13
008 - FIXED-LENGTH DATA ELEMENTS--GENERAL INFORMATION
fixed length control field 011122n2001 000 0 eng u
035 ## - SYSTEM CONTROL NUMBER
System control number (Sirsi) u115700
245 ## - TITLE STATEMENT
Title UK Economic Brief - economy
260 ## - PUBLICATION, DISTRIBUTION, ETC.
Date of publication, distribution, etc. 2001
490 ## - SERIES STATEMENT
Series statement UK Economic Brief (RICS)
Volume/sequential designation November 2001, 6(2)
520 ## - SUMMARY, ETC.
Summary, etc. Describes the state of the UK economy with analysis of the growth rate and consumer spending. House prices are easing with both Nationwide and Halifax showing a 0.5% decrease for October. Discusses the possiblity of futher interest rate cuts following the 0.5% cut in rates in November.
590 ## - LOCAL NOTE (RLIN)
Local note WB
650 ## - SUBJECT ADDED ENTRY--TOPICAL TERM
Topical term or geographic name entry element UK ECONOMIC BRIEF
650 ## - SUBJECT ADDED ENTRY--TOPICAL TERM
Topical term or geographic name entry element HALIFAX
650 ## - SUBJECT ADDED ENTRY--TOPICAL TERM
Topical term or geographic name entry element NATIONWIDE
650 ## - SUBJECT ADDED ENTRY--TOPICAL TERM
Topical term or geographic name entry element GDP
650 ## - SUBJECT ADDED ENTRY--TOPICAL TERM
Topical term or geographic name entry element HOUSE PRICES
650 ## - SUBJECT ADDED ENTRY--TOPICAL TERM
Topical term or geographic name entry element BRITISH CHAMBERS OF COMMERCE
690 ## - LOCAL SUBJECT ADDED ENTRY--TOPICAL TERM (OCLC, RLIN)
Topical term or geographic name as entry element ECONOMIC ISSUES
942 ## - ADDED ENTRY ELEMENTS (KOHA)
Suppress in OPAC 0
Holdings
Withdrawn status Lost status Source of classification or shelving scheme Damaged status Not for loan Home library Current library Shelving location Date acquired Total Checkouts Full call number Barcode Date last seen Copy number Price effective from Koha item type
    Dewey Decimal Classification     London London News article 22/11/2001   WB3744-13 115700-1001 06/08/2019 1 06/08/2019 News article